Fluide Glacial - Série Or - Gay Friendly

Đã lưu trong:
Chi tiết về thư mục
Định dạng: Số seri
Ngôn ngữ:Tiếng Pháp
Các nhãn: Thêm thẻ
Không có thẻ, Là người đầu tiên thẻ bản ghi này!

MARC

LEADER 00000nas a2200000 4500
001 CDOM0000000630
003 mi
005 20250901145709.0
008 250901b |||||||| |||| 00| 0 fre d
040 |c mi 
245 1 |a Fluide Glacial - Série Or - Gay Friendly 
942 |2 ddc  |c CR 
952 |0 0  |1 0  |2 ddc  |4 0  |7 0  |9 4929  |a MI  |b MI  |d 2005-05-26  |h n° 30  |l 0  |r 2025-07-07 11:14:00  |w 2025-07-07  |x ACQUISTO  |y CR 
999 |c 3875  |d 3875